2023 Movies - Statistics

General Stats
  • This quiz has been taken 51 times
  • The average score is 27 of 50
Answer Stats
Picture Answer % Correct
Barbie
100%
The Little Mermaid
95%
Aquaman And The Lost Kingdom
93%
John Wick: Chapter 4
90%
Oppenheimer
90%
Scream VI
90%
Transformers: Rise Of The Beasts
90%
Guardians Of The Galaxy Vol 3
88%
Indiana Jones And The Dial Of Destiny
88%
Shazam! Fury Of The Gods
88%
Elemental
85%
The Super Mario Bros. Movie
85%
Teenage Mutant Ninja Turtles: Mutant Mayhem
80%
The Flash
80%
The Marvels
78%
Cocaine Bear
75%
Creed III
73%
Ant-Man And The Wasp: Quantumania
70%
Mission: Impossible - Dead Reckoning - Part One
70%
Fast X
68%
Blue Beetle
63%
Chicken Run: Dawn Of The Nugget
63%
No Hard Feelings
55%
Poor Things
50%
The Hunger Games: The Ballad Of Songbirds & Snakes
50%
Gran Turismo
48%
Magic Mike’s Last Dance
48%
Peter Pan & Wendy
48%
Renfield
45%
Haunted Mansion
43%
Meg 2: The Trench
43%
Killers Of The Flower Moon
40%
Air
38%
65
35%
Murder Mystery 2
35%
Rebel Moon - Part One: A Child Of Fire
33%
Strays
30%
Extraction 2
28%
A Haunting In Venice
25%
Dungeons & Dragons: Honor Among Thieves
23%
The Creator
23%
Ghosted
20%
Boy Kills World
18%
Book Club: The Next Chapter
15%
Operation Fortune: Ruse de Guerre
15%
Joy Ride
13%
Plane
13%
We Have A Ghost
13%
Knights Of The Zodiac
10%
Assassin Club
5%
No matching quizzes found
Score Distribution
Percent of People with Each Score
Percentile by Number Answered
Your Score History
You have not taken this quiz